000 00646nam a2200169 a 4500
008 090323s2001 ||||||||||||||||| || u
020 _a0750650443
050 _aTL 240 Int
100 _aHappian-Smith, Julian
245 1 3 _aAn introduction to modern vehicle design
_cedited by Julian Happian-Smith
260 _aOxford
_bButterworth-Heinemann
_c2001
300 _aix, 585p.: ill
350 _a0.00
650 _aMECHANICS
650 0 _aAUTOMOBILES--DESIGN AND CONSTRUCTION
995 _D0.00
_FCBU-MAIN LIBRARY (Kitwe)
_H1
_I0.00
_M1
_UAVAILABLE
_WMay 5, 2009
_ZMain Library Open Access Collection
999 _c47890
_d47890